<?xml version="1.0" encoding="UTF-8"?>
<record
    xmlns:xsi="http://www.w3.org/2001/XMLSchema-instance"
    xsi:schemaLocation="http://www.loc.gov/MARC21/slim http://www.loc.gov/standards/marcxml/schema/MARC21slim.xsd"
    xmlns="http://www.loc.gov/MARC21/slim">

  <leader>02317cam a2200313 a 4500</leader>
  <controlfield tag="001">000018423</controlfield>
  <controlfield tag="005">20200929165514.0</controlfield>
  <controlfield tag="008">780322s1970    sp            000 p spa d</controlfield>
  <datafield tag="035" ind1=" " ind2=" ">
    <subfield code="a">(OCoLC)ocm03740698</subfield>
  </datafield>
  <datafield tag="040" ind1=" " ind2=" ">
    <subfield code="a">DO-SdBNP</subfield>
    <subfield code="c">KKU</subfield>
    <subfield code="d">EL</subfield>
    <subfield code="$">dDLC</subfield>
    <subfield code="d">BNPHU</subfield>
  </datafield>
  <datafield tag="042" ind1=" " ind2=" ">
    <subfield code="a">lccopycat</subfield>
  </datafield>
  <datafield tag="082" ind1=" " ind2=" ">
    <subfield code="a">861.5</subfield>
    <subfield code="b">C289a</subfield>
  </datafield>
  <datafield tag="100" ind1="1" ind2=" ">
    <subfield code="a">Carnero, Guillermo,</subfield>
    <subfield code="d">1947-</subfield>
    <subfield code="9">9762</subfield>
  </datafield>
  <datafield tag="245" ind1="1" ind2="0">
    <subfield code="a">Antolog&#xED;a de los poetas prerrom&#xE1;nticos espa&#xF1;oles /</subfield>
    <subfield code="c">Carnero Guillermo.</subfield>
  </datafield>
  <datafield tag="246" ind1="1" ind2="4">
    <subfield code="a">Antolog&#xED;a de la poes&#xED;a prerrom&#xE1;ntica espa&#xF1;ola</subfield>
  </datafield>
  <datafield tag="260" ind1=" " ind2=" ">
    <subfield code="a">Barcelona :</subfield>
    <subfield code="b">Barral Editores,</subfield>
    <subfield code="c">1970.</subfield>
  </datafield>
  <datafield tag="300" ind1=" " ind2=" ">
    <subfield code="a">275 p. ;</subfield>
    <subfield code="c">19 cm.</subfield>
  </datafield>
  <datafield tag="490" ind1="1" ind2=" ">
    <subfield code="a">Libros de enlace ;</subfield>
    <subfield code="a">poes&#xED;a</subfield>
    <subfield code="v">10</subfield>
  </datafield>
  <datafield tag="504" ind1=" " ind2=" ">
    <subfield code="a">Bibliograf&#xED;as: p. 17.</subfield>
  </datafield>
  <datafield tag="505" ind1="0" ind2=" ">
    <subfield code="a">Benito Jer&#xF3;nimo Feij&#xF3;o y Montenegro -- Diego de Torres y Villarroel -- Alfonso Verdugo y Castilla -- Fray Diego Tadeo Gonz&#xE1;lez -- Vicente Garc&#xED;a de la Huerta -- Nicol&#xE1;s Fern&#xE1;ndez de Morat&#xED;n -- Jos&#xE9; Cadalso -- Mar&#xED;a Gertrudis de Hore -- Gaspar Melchor de Jovellanos y Ram&#xED;rez -- Francisco Gregorio de Salas -- Antonio Francisco de Castro -- Jos&#xE9; Iglesias de la Casa -- Jos&#xE9; Mar&#xED;a Vaca de Guzm&#xE1;n y Manrique -- Crist&#xF3;bal de Be&#xF1;a -- Vicente Rodr&#xED;guez de Arellano -- Jos&#xE9; Mor de Fuentes -- Juan Mel&#xE9;ndez Vald&#xE9;s -- Juan Bautista Pablo Forner -- Leandro Fern&#xE1;ndez de Morat&#xED;n -- Gaspar Mar&#xED;a de Nava Alvarez de Noro&#xF1;a -- Nicasio Alvarez de Cienfuegos -- Francisco S&#xE1;nchez Barbero -- Jos&#xE9; Marchena -- Mar&#xED;a Rosa G&#xE1;lvez de Cabrera --</subfield>
  </datafield>
  <datafield tag="505" ind1="0" ind2=" ">
    <subfield code="a">Juan Bautista Arriaza y Superviela -- Francisco de Paula Castro -- Manuel Mar&#xED;a de Arjona -- Juan Mar&#xED;a Maury -- F&#xE9;lix Jos&#xE9; Reinoso -- Manuel Jos&#xE9; Quintana -- Dionisio Villanueva y Ochoa -- Alberto Lista y Arag&#xF3;n -- Jos&#xE9; Vicente Alonso -- Jos&#xE9; Mar&#xED;a Blanco y Crespo -- Manuel Mar&#xED;a del M&#xE1;rmol -- Bartolom&#xE9; Jos&#xE9; Gallardo -- Eugenio de Tapia -- Juan Nicasio Gallego -- Jos&#xE9; Somoza -- Bernardino Fern&#xE1;ndez de Velasco -- Jos&#xE9; Joaqu&#xED;n de Mora -- Estanislao de Cosca Vayo y Lamarca -- Manuel de Cabanyes.</subfield>
  </datafield>
  <datafield tag="650" ind1=" " ind2="4">
    <subfield code="a">Poes&#xED;a espa&#xF1;ola</subfield>
    <subfield code="y">SIGLO XVIII</subfield>
    <subfield code="9">15870</subfield>
  </datafield>
  <datafield tag="650" ind1=" " ind2="4">
    <subfield code="a">Poes&#xED;a espa&#xF1;ola</subfield>
    <subfield code="y">SIGLO XIX</subfield>
    <subfield code="9">9196</subfield>
  </datafield>
  <datafield tag="650" ind1=" " ind2="4">
    <subfield code="a">Literatura espa&#xF1;ola</subfield>
    <subfield code="y">SIGLO XVIII</subfield>
    <subfield code="9">13698</subfield>
  </datafield>
  <datafield tag="650" ind1=" " ind2="4">
    <subfield code="a">Literatura espa&#xF1;ola</subfield>
    <subfield code="y">SIGLO XIX</subfield>
    <subfield code="9">3067</subfield>
  </datafield>
  <datafield tag="830" ind1=" " ind2="0">
    <subfield code="a">Libros de enlace ;</subfield>
    <subfield code="p">poes&#xED;a :</subfield>
    <subfield code="v">10:</subfield>
    <subfield code="9">39886</subfield>
  </datafield>
  <datafield tag="910" ind1=" " ind2=" ">
    <subfield code="a">Catalogaci&#xF3;n por derivada / LC</subfield>
  </datafield>
  <datafield tag="049" ind1=" " ind2=" ">
    <subfield code="a">BNGR</subfield>
  </datafield>
  <datafield tag="952" ind1=" " ind2=" ">
    <subfield code="0">0</subfield>
    <subfield code="1">0</subfield>
    <subfield code="5">4</subfield>
    <subfield code="7">0</subfield>
    <subfield code="8">MO</subfield>
    <subfield code="a">GR</subfield>
    <subfield code="b">GR</subfield>
    <subfield code="c">HD</subfield>
    <subfield code="d">2010-05-06</subfield>
    <subfield code="i">LF1</subfield>
    <subfield code="l">0</subfield>
    <subfield code="o">861.5 C289a</subfield>
    <subfield code="p">18423-10</subfield>
    <subfield code="r">2020-06-25</subfield>
    <subfield code="w">2020-06-25</subfield>
    <subfield code="y">4</subfield>
    <subfield code="Z">Pr&#xE9;stamo en sala</subfield>
  </datafield>
  <datafield tag="952" ind1=" " ind2=" ">
    <subfield code="0">0</subfield>
    <subfield code="1">0</subfield>
    <subfield code="5">0</subfield>
    <subfield code="7">1</subfield>
    <subfield code="8">MO</subfield>
    <subfield code="a">GR</subfield>
    <subfield code="b">GR</subfield>
    <subfield code="c">HD</subfield>
    <subfield code="d">2013-12-05</subfield>
    <subfield code="i">LF1</subfield>
    <subfield code="l">0</subfield>
    <subfield code="o">861.5 C289a</subfield>
    <subfield code="p">18423-20</subfield>
    <subfield code="r">2020-06-25</subfield>
    <subfield code="t">e. 2</subfield>
    <subfield code="w">2020-06-25</subfield>
    <subfield code="y">1</subfield>
    <subfield code="Z">No se presta</subfield>
  </datafield>
  <datafield tag="999" ind1=" " ind2=" ">
    <subfield code="c">17944</subfield>
    <subfield code="d">17944</subfield>
  </datafield>
</record>
